Logo BPK

Biblioteka

Politechniki Koszalińskiej

Kodeks postępowania w sprawach o wykroczenia : (Rekord nr 29879)

Szczegóły MARC
000 -ETYKIETA REKORDU
podpole kontrolne o stałej długości 00493nam a2200181 i 4500
001 - NUMER KONTROLNY REKORDU
pole kontrolne bg
020 ## - MIĘDZYNARODOWY ZNORMALIZOWANY NUMER KSIĄŻKI - ISBN
ISBN 8321906168
040 ## - ŹRÓDŁO KATALOGOWANIA
Instytucja, która utworzyła rekord BPK
041 ## - KOD JĘZYKA
Kod języka tekstu pol
080 ## - UNIWERSALNA KLASYFIKACJA DZIESIĘTNA - UKD
UKD 343.3/.7:351](438)(094.4)
920 ## - Międzynarodowy znormalizowany numer książki – ISBN
ISBN 83-219-0616-8
008 - POLE O STAŁEJ DŁUGOŚCI - DANE KONTROLNE
podpole kontrolne o stałej długości s pl f |000 0 pol
245 #0 - TYTUŁ/ODPOWIEDZIALNOŚĆ
Tytuł Kodeks postępowania w sprawach o wykroczenia :
Ciąg dalszy tytułu stan prawny na dzień 31 III 1992r.
250 ## - STREFA WYDANIA
Oznaczenie wydania [Wyd. 2].
260 ## - STREFA ADRESU WYDAWNICZEGO
Miejsce wydania Warszawa :
Nazwa wydawcy/dystrybutora Wydaw. Prawnicze,
Data publikacji, dystrybucji/powstania dokumentu 1992.
300 ## - STREFA OPISU FIZYCZNEGO
Objętość 48 s. ;
Rozmiary 20 cm.
856 ## - LOKALIZACJA I DOSTĘP DO ELEKTRONICZNYCH DOKUMENTÓW ZDALNYCH
Link (URL) http://koha.tu.koszalin.pl/cgi-bin/koha/opac-detail.pl?biblionumber=29879
Tekst linku Katalog online BPK
942 ## - DODATKOWE ELEMENTY (KOHA)
Typ dokumentu Książka
Egzemplarze
Wycofany Status egzemplarza Uszkodzony Dostępność Lokalizacja stała Lokalizacja bieżąca Miejsce przechowywania Sygnatura Kod kreskowy Typ dokumentu
      Dostępny Biblioteka Politechniki Koszalińskiej Biblioteka Politechniki Koszalińskiej Wypożyczalnia BG 36290 01801682 Książka
© 2023 Biblioteka Politechniki Koszalińskiej :: KOHA